Introduction to Biosensors : From Electric Circuits to Immunosensors
Guardado en:
| Autor principal: | |
|---|---|
| Formato: | Libro |
| Lenguaje: | inglés |
| Publicado: |
New York :
Springer,
2013
|
| Etiquetas: |
Sin Etiquetas, Sea el primero en etiquetar este registro!
|
MARC
| LEADER | 00000nam a22000003a 4500 | ||
|---|---|---|---|
| 001 | 0020076 | ||
| 003 | SK-STU | ||
| 005 | 20161219101207.5 | ||
| 007 | ta | ||
| 008 | 161219s ----xo-----e------000-0-----d | ||
| 020 | |a 978-1-4419-6021-4 | ||
| 040 | |a STU |b slo | ||
| 041 | 0 | |a eng | |
| 044 | |a xxu | ||
| 080 | |a 53.22 | ||
| 100 | 1 | |a Yoon, Jeong-Yeol |4 aut |r Z6 | |
| 245 | 1 | 0 | |a Introduction to Biosensors : |b From Electric Circuits to Immunosensors |
| 260 | |a New York : |b Springer, |c 2013 | ||
| 300 | |a 262 s. | ||
| 996 | |b 284EK89786 |c E* 89786 |l EE36 |s P |a 0 |w 0020076_0001 | ||